01002 2200337 4500001002100000005001500021035002000036007000300056040001700059100002900076245012700105250001000232300003300242504002600275020002200301041000800323082000800331084001400339090002300353264003400376336002100410337003000431338002300461650001900484700003100503850001000534008004100544990002700585990002600612990002600638INLIS00000000000965620260415120407 a0010-1222000261ta aSBPUPADbind0 aWahyu Wibowo;ePengarang1 aPiawai Menembus Jurnal Terakreditasi :bParadigma Baru Kiat Menulis Artikel Ilmiah /cwahyu Wibowo:Editor: Fatna Yustianti aCet.3 axx 200 hlm. :bilus. ;c21cm abibiliografi, hlm 189 a978-979-010-441-3 aind a050 a050 WAH p a050 WAH p L 1 R 18 aJakarta :bBumi Aksara,c2015 2rdacontentaTeks 2rdamediaatanpa perantara 2rdacarrieravolume 4aArtikel Ilmiah aFatna YustiantiePengarang aPUPAD260415 0  a22.187/KAPD/PDG/2016/B a22184/KAPD/PDG/2016/B a22185/KAPD/PDG/2016/B